| 000 | 00527cam a2200205 4500 | ||
|---|---|---|---|
| 001 | B3434 | ||
| 008 | 090401t1991 xxu||||| |||| 00| 0 eng d | ||
| 035 | _a(Sirsi) u56013 | ||
| 041 | _aeng | ||
| 050 | _a692.8 | ||
| 100 | _aHibberd, P.R. | ||
| 245 | _aCertification | ||
| 260 |
_aAscot,Berks _bChartered Institute of Building _c1991 |
||
| 300 | _a13p. ; 30cm. | ||
| 350 | _a0 | ||
| 490 |
_aTechnical Information Service _v126 |
||
| 650 | _aBUILT ENVIRONMENT-BUILDING CONTRACT FORMS | ||
| 942 | _n0 | ||
| 948 | _c04/03/1997 | ||
| 999 |
_c93705 _d93705 |
||